000 00366nam a2200145Ia 4500
008 100122s9999 xx 000 0 und d
082 _b13220
_a823
100 _aमधुकर
245 _aरिंगण
260 _bमेनका प्रकाशन
_c1965
300 _a176
630 _aरिंगण
730 _aरिंगण
942 _cBOOK
999 _c404082
_d404079